Veľtrhy a výstavy ako všestranný nástroj obchodnej a marketingovej stratégie

Novovznikajúce ekonomické zmeny, zmeny v dnešnej spoločnosti a zmeny životného štýlu vytvárajú neustály tlak na cestovný ruch. To znamená týmto zmenám prispôsobiť ponuku. Pre cestovné kancelárie z toho vyplýva neustále rozširovať a inovovať svoje produkty a služby v cestovnom ruchu a hľadať čo najúč...

Celý popis

Uložené v:
Podrobná bibliografia
Hlavný autor: Hrehová, Danniela
Médium: Kapitola
Jazyk:Slovak
Predmet:
Tagy: Pridať tag
Žiadne tagy, Buďte prvý, kto otaguje tento záznam!

MARC

LEADER 00000nla a2200000 4500
001 0162243
005 20221107085406.0
041 0 |a slo 
044 |a CZ 
245 1 0 |a Veľtrhy a výstavy ako všestranný nástroj obchodnej a marketingovej stratégie  |c Danniela Hrehová 
520 |a Novovznikajúce ekonomické zmeny, zmeny v dnešnej spoločnosti a zmeny životného štýlu vytvárajú neustály tlak na cestovný ruch. To znamená týmto zmenám prispôsobiť ponuku. Pre cestovné kancelárie z toho vyplýva neustále rozširovať a inovovať svoje produkty a služby v cestovnom ruchu a hľadať čo najúčinnejšie cesty ich prezentácie vo vzťahu k zákazníkovi. Naša pozornosť je upriamená na charakteristiku veľtrhov, ich význam ako nástroja marketingu pre cestovné kancelárie. Vnímanie veľtrhov cestovnými kanceláriami východoslovenského kraja ako integrovanej súčasti im vlastnému marketingového mixu a prezentácia vo vzťahu k zákazníkom. 
610 2 0 |a ruch cestovný 
610 2 0 |a reklama 
610 2 0 |a výstavy 
610 2 0 |a veľtrhy 
610 2 0 |a marketing 
610 2 0 |a stratégia marketingová 
100 1 |a Hrehová, Danniela